[Event "ROU-ch Men 2018"]
[Site "Olanesti"]
[Date "2018.05.14"]
[Round "1"]
[White "Pop, Alexandru"]
[Black "Stan, Andrei-Mihaita"]
[Result "1-0"]
[WhiteElo "2302"]
[BlackElo "1860"]
[Annotator "ChessBase"]
[PlyCount "99"]
[EventDate "2018.??.??"]
[EventType "swiss"]
[EventCountry "ROU"]
[SourceTitle "playchess.com"]
[Source "ChessBase"]
[SourceQuality "1"]
[TimeControl "40/5400+30:1800+30"]

1. d4 {[%emt 0:00:00]} Nf6 {[%emt 0:00:34]} 2. Nf3 {[%emt 0:00:00]} e6 {[%emt 0:00:37]} 3. Bf4 {[%emt 0:00:00]} c5 {[%emt 0:03:45]} 4. e3 {[%emt 0:00:05]} b6 {[%emt 0:01:03]} 5. Nc3 {[%emt 0:00:10]} cxd4 {[%emt 0:01:24]} 6. Nb5 {[%emt 0:03:02]} d6 {[%emt 0:08:20]} 7. Qxd4 {[%emt 0:00:09]} Nd5 {[%emt 0:02:10]} 8. O-O-O {[%emt 0:07:30]} Nc6 {[%emt 0:02:54]} 9. Qa4 {[%emt 0:07:06]} Bb7 {[%emt 0:02:58]} 10. Nbd4 {[%emt 0:28:25]} Qd7 {[%emt 0:09:14]} 11. Bb5 {[%emt 0:00:12]} Rc8 {[%emt 0:01:28]} 12. Bg3 {[%emt 0:09:23]} a6 {[%emt 0:06:38]} 13. Bxa6 {[%emt 0:06:00]} Bxa6 {[%emt 0:00:51]} 14. Qxa6 {[%emt 0:00:10]} Ncb4 {[%emt 0:01:58]} 15. Qb5 {[%emt 0:01:43]} Nxa2+ {[%emt 0:05:25]} 16. Kd2 {[%emt 0:00:06]} Nab4 {[%emt 0:00:57]} 17. c3 {[%emt 0:02:26]} Nc6 {[%emt 0:00:34]} 18. Nxc6 {[%emt 0:03:52]} Rxc6 {[%emt 0:04:40]} 19. Ra1 {[%emt 0:01:39]} Rc8 {[%emt 0:00:34]} 20. Nd4 {[%emt 0:01:19]} Be7 {[%emt 0:02:21]} 21. Ra7 {[%emt 0:00:57]} Qxb5 {[%emt 0:04:40]} 22. Nxb5 {[%emt 0:00:06]} e5 {[%emt 0:01:25]} 23. Ke2 {[%emt 0:01:04]} Rd8 {[%emt 0:05:59]} 24. Rd1 {[%emt 0:01:25]} Nf6 {[%emt 0:00:23]} 25. Rb7 {[%emt 0:01:32]} h5 {[%emt 0:05:02]} 26. Bh4 {[%emt 0:01:28]} Rd7 {[%emt 0:08:02]} 27. Rb8+ {[%emt 0:00:50]} Rd8 {[%emt 0:02:59]} 28. Rxd8+ {[%emt 0:00:13]} Kxd8 {[%emt 0:02:20]} 29. Bxf6 {[%emt 0:00:13]} gxf6 {[%emt 0:00:47]} 30. Nxd6 {[%emt 0:00:15]} Kc7 {[%emt 0:00:08]} 31. Nf5 {[%emt 0:00:31]} Re8 {[%emt 0:00:44]} 32. Ra1 {[%emt 0:01:05]} Kb7 {[%emt 0:00:27]} 33. Ra4 {[%emt 0:00:24]} Bf8 {[%emt 0:04:07]} 34. Rh4 {[%emt 0:00:34]} Ra8 {[%emt 0:00:23]} 35. Rxh5 {[%emt 0:00:05]} Ra2 {[%emt 0:00:21]} 36. Rh7 {[%emt 0:00:09]} Rxb2+ {[%emt 0:00:36]} 37. Kf3 {[%emt 0:00:08]} Kc6 {[%emt 0:00:28]} 38. Rxf7 {[%emt 0:01:00]} Bc5 {[%emt 0:00:11]} 39. Rxf6+ {[%emt 0:03:18]} Kd5 {[%emt 0:00:06]} 40. Ng3 {[%emt 0:00:00]} Be7 {[%emt 0:00:57]} 41. Rh6 {[%emt 0:01:27]} b5 {[%emt 0:01:00]} 42. Ne4 {[%emt 0:02:13]} b4 {[%emt 0:00:28]} 43. cxb4 {[%emt 0:00:35]} Rxb4 {[%emt 0:00:07]} 44. Nf6+ {[%emt 0:02:04]} Bxf6 {[%emt 0:01:09]} 45. Rxf6 {[%emt 0:00:06]} Rh4 {[%emt 0:00:08]} 46. e4+ {[%emt 0:01:01]} Rxe4 {[%emt 0:01:16]} 47. Rd6+ {[%emt 0:00:10]} Kxd6 {[%emt 0:00:03]} 48. Kxe4 {[%emt 0:00:05]} Ke6 {[%emt 0:00:10]} 49. g4 {[%emt 0:00:09]} Kf6 {[%emt 0:00:07]} 50. h4 {[%emt 0:00:06]} 1-0

[Event "ROU-ch Men 2018"]
[Site "Olanesti"]
[Date "2018.05.14"]
[Round "1"]
[White "Vasilescu, Lucian-Mihail"]
[Black "Toma, Mihail"]
[Result "1-0"]
[WhiteElo "2243"]
[BlackElo "1835"]
[Annotator "NA RC"]
[PlyCount "130"]
[EventDate "2018.??.??"]
[EventType "swiss"]
[EventCountry "ROU"]
[SourceTitle "playchess.com"]
[Source "ChessBase"]
[SourceQuality "1"]
[TimeControl "40/5400+30:1800+30"]

{[%evp 8,120,29,27,37,33,45,38,22,12,11,5,33,12,32,27,49,54,50,37,32767,32767,67,32767,41,27,32767,32767,63,32767,32767,32767,32767,32767,32767,32767,32767,32767,32767,32767,32767,32767,16,9,27,0,21,-12,14,0,32767,32767,29,-103,-102,-97,-106,-114,-111,32767,32767,-29,-20,-49,32767,32767,32767,32767,32767,32767,32767,32767,32767,32767,32767,32767,32767,8,66,87,87,32767,32767,32767,32767,32767,32767,28,32767,32767,45,31,191,157,422,255,970,777,1163,378,1472,32767,32767,1096,1110,32767,32767,32767,32767,92,1417,4241,2362,12844,29978]} 1. c4 {[%emt 0:00:00]} Nf6 {[%emt 0:00:00]} 2. Nc3 {[%emt 0:00:00]} d5 {[%emt 0:01:04]} 3. cxd5 {[%emt 0:01:59]} Nxd5 {[%emt 0:00:42]} 4. d4 {[%emt 0:00:10]} Nxc3 {[%emt 0:01:57]} 5. bxc3 {[%emt 0:00:06]} g6 {[%emt 0:04:30]} 6. Nf3 {[%emt 0:08:43]} Bg7 {[%emt 0:00:08]} 7. e3 {[%emt 0:00:07]} O-O {[%emt 0:00:33]} 8. Be2 {[%emt 0:04:13]} c5 {[%emt 0:04:53]} 9. O-O {[%emt 0:01:25]} Nc6 {[%emt 0:05:05] LiveBook: 12 Games} 10. Rb1 {[%emt 0:03:49] A34: Symmetrical English: 2 Nc3, lines with ...d5} (10. Ba3 cxd4 11. cxd4 Be6 12. Bb2 Bd5 13. a4 Rc8 14. Rc1 Qb6 15. Ba3 Rfd8 16. Rb1 Qc7 17. Bd3 f5 {0-1 (43) Zhang,Z (2619)-Vidit,S (2651) Berlin 2015}) 10... cxd4 {[%emt 0:05:28]} 11. cxd4 {[%emt 0:00:07]} b6 {[%emt 0:02:14]} 12. Ba3 {[%emt 0:08:23]} Bb7 {[%emt 0:01:41]} 13. d5 $146 {[%emt 0:02:23]} ({Predecessor:} 13. Bb5 Na5 14. Qe2 a6 15. Bd3 b5 16. Rfc1 Re8 17. Rd1 {½-½ (58) Gratsianov,I (1906)-Kuzevanova,E (2124) St Petersburg 2005}) 13... Ne5 14. e4 Nxf3+ {[%emt 0:07:38]} 15. Bxf3 {[%emt 0:02:51]} Be5 {[%emt 0:02:59]} 16. Qa4 {[%emt 0:06:53]} Bd6 {[%emt 0:02:09]} 17. Bb2 {[%emt 0:10:22]} Qe8 {[%emt 0:08:39]} 18. Qd4 {[%emt 0:07:04]} f6 {[%emt 0:00:12]} 19. Rfc1 {[%emt 0:00:24]} Qd7 {[%emt 0:02:23]} 20. h3 {[%emt 0:02:52]} h5 {[%emt 0:06:48]} 21. Qe3 {[%emt 0:05:51]} Kg7 {[%emt 0:03:43]} 22. Rc2 {[%emt 0:02:12]} Rac8 {[%emt 0:04:46]} 23. Rbc1 {[%emt 0:00:26]} Rxc2 {[%emt 0:00:28]} 24. Rxc2 {[%emt 0:00:03]} Bc5 {[%emt 0:05:37]} 25. Qd2 {[%emt 0:06:51]} Bd6 {[%emt 0:03:59]} 26. Qg5 {[%emt 0:12:06]} (26. Bxh5 $5 gxh5 27. Qg5+ Kf7 28. Qxh5+ Kg7 29. e5 Bxe5 30. Rc4 Bxb2 31. Rg4+ Qxg4 32. Qxg4+ Kh8 33. Qd7 $16) 26... Rh8 {[%emt 0:02:51]} 27. g4 {[%emt 0:01:40]} Kf7 {[%emt 0:01:18]} 28. Qe3 {[%emt 0:01:10]} Bc5 {[%emt 0:11:40]} 29. Qb3 {[%emt 0:00:10]} Qd6 {[%emt 0:01:11]} 30. Re2 {[%emt 0:02:03]} (30. e5 $11 {keeps the balance.} fxe5 31. Re2 (31. Rxc5 bxc5 32. Qe3 hxg4 $17)) 30... Qg3+ {[%emt 0:02:28]} 31. Bg2 {[%emt 0:01:20]} Qxb3 {[%emt 0:00:13]} 32. axb3 {[%emt 0:00:02]} hxg4 {[%emt 0:00:24]} 33. hxg4 {[%emt 0:00:05]} Bd6 {[%emt 0:01:09]} 34. Bf3 {[%emt 0:02:50]} Rc8 {[%emt 0:01:46]} 35. Kg2 {[%emt 0:02:44]} Ba6 {[%emt 0:00:13]} 36. Re1 {[%emt 0:01:15]} Rc2 {[%emt 0:00:14]} 37. Bd4 {[%emt 0:00:01]} Bc5 {[%emt 0:01:15]} 38. Bxc5 {[%emt 0:00:56]} bxc5 {[%emt 0:00:00]} 39. Ra1 {[%emt 0:00:26]} Be2 {[%emt 0:00:25]} 40. Rxa7 {[%emt 0:00:00]} Bxf3+ {[%emt 0:00:02]} 41. Kxf3 Rc3+ {[%emt 0:00:03]} 42. Ke2 {[%emt 0:01:27]} Ke8 {[%emt 0:00:54]} 43. Rb7 {[%emt 0:00:39]} Rc2+ {[%emt 0:00:14]} 44. Ke3 {[%emt 0:00:37]} Rc3+ {[%emt 0:00:05]} 45. Kd2 {[%emt 0:00:40]} Rf3 {[%emt 0:00:03]} 46. Ke2 {[%emt 0:00:09]} Rc3 {[%emt 0:00:01]} 47. g5 {[%emt 0:05:43]} fxg5 {[%emt 0:00:51]} 48. e5 {[%emt 0:01:52]} Kd8 {[%emt 0:02:53]} 49. Rb6 {[%emt 0:04:37]} g4 $2 {[%emt 0:01:06]} (49... Ke8 $1 $11 {and Black has nothing to worry.}) 50. Rxg6 {[%emt 0:00:51]} Rxb3 $2 {[%emt 0:00:11]} (50... c4 $16) 51. Rxg4 {[%emt 0:00:07]} Rc3 $2 {[%emt 0:01:31]} (51... Kd7 52. Ra4 Rb7) 52. Rg8+ {[%emt 0:04:39]} Kd7 {[%emt 0:00:14]} 53. Rg7 {[%emt 0:00:07]} Ke8 {[%emt 0:00:25]} (53... Rc4 $142 54. f3 Ke8) 54. f4 {[%emt 0:01:03]} Rc4 {[%emt 0:00:33]} 55. e6 {[%emt 0:03:28]} Kf8 {[%emt 0:00:51]} 56. Rf7+ {[%emt 0:00:13]} Ke8 {[%emt 0:00:02]} 57. Rh7 {[%emt 0:01:04]} Kf8 {[%emt 0:01:02]} 58. Rh8+ {[%emt 0:01:58]} Kg7 {[%emt 0:00:02]} 59. Re8 {[%emt 0:00:09]} Rxf4 {[%emt 0:00:34]} 60. Rxe7+ {[%emt 0:00:11]} Kg8 {[%emt 0:00:25]} 61. Ke3 {[%emt 0:02:27]} Rd4 {[%emt 0:00:43]} 62. Rd7 {[%emt 0:00:06]} Kf8 {[%emt 0:00:27]} 63. d6 {[%emt 0:02:03]} Rd1 {[%emt 0:01:05]} 64. Rd8+ {[%emt 0:00:40]} Kg7 {[%emt 0:00:02]} 65. e7 {[%emt 0:00:14]} Re1+ {Ke4} 1-0

[Event "ROU-ch Men 2018"]
[Site "Olanesti"]
[Date "2018.05.14"]
[Round "1"]
[White "Horvat, Dan-Sebastian"]
[Black "Istratescu, Andrei"]
[Result "0-1"]
[WhiteElo "2152"]
[BlackElo "2589"]
[Annotator "TA"]
[PlyCount "52"]
[EventDate "2018.??.??"]
[EventType "swiss"]
[EventCountry "ROU"]
[SourceTitle "playchess.com"]
[Source "ChessBase"]
[SourceQuality "1"]

{[%evp 25,52,0,17,-7,0,-8,0,-6,-12,-15,-12,-16,-30,-35,-6,-64,0,-87,-69,-145,-135,-122,-93,-352,-345,-359,-360,-356,-350]} 1. e4 c5 2. Nf3 d6 3. d4 cxd4 4. Nxd4 Nf6 5. Nc3 Nc6 6. Bc4 e6 7. Be3 a6 8. Bb3 Qc7 9. f4 Na5 10. O-O b5 11. f5 e5 12. Nde2 Nxb3 {B88: Sicilian: Sozin Attack} (12... Bb7 13. Nd5 Nxd5 14. Bxd5 Nc4 15. Bc1 Qc5+ 16. Kh1 Bxd5 17. Qxd5 Qxd5 18. exd5 Be7 19. a4 Kd7 20. a5 {½-½ (57) Votava,J (2520)-Kononenko,D (2608) Pardubice 2012}) 13. cxb3 Bb7 {LiveBook: 3 Games} 14. Ng3 h5 $146 {[%cal Bh7h5,Bh5h4,Bh4h3][%mdl 32] The position is equal.} ({Predecessor:} 14... Bc6 15. Bg5 b4 16. Nd5 Bxd5 17. exd5 Qc5+ 18. Rf2 Qxd5 19. Bxf6 Qxd1+ 20. Rxd1 gxf6 {½-½ (56) Armanda,I (2340)-Titz,H (2223) Zadar 2007}) 15. Rc1 {[#] And now Nxb5! would win.} Qd8 16. Nd5 Bxd5 $1 17. exd5 h4 18. Ne2 h3 19. g3 Be7 20. Rc6 (20. Nc3 $11) 20... O-O (20... b4 $15) 21. Qd3 (21. Nc3 $11 {remains equal.}) 21... Qd7 $17 22. a4 (22. Nc3 $15) 22... bxa4 23. bxa4 Rfb8 24. Bb6 $2 {[%mdl 8192] [#]} (24. b3 $17) 24... Rxb6 $1 $19 {[%mdl 512]} 25. Rxb6 Qa7 26. a5 {Threatening Kh1.} Bd8 {Precision: White =  5%, Black = 92%.} 0-1

[Event "ROU-ch Men 2018"]
[Site "Olanesti"]
[Date "2018.05.14"]
[Round "1"]
[White "Paraschiv, Paul-Alexandru"]
[Black "Marin, Mihail"]
[Result "0-1"]
[WhiteElo "2131"]
[BlackElo "2543"]
[Annotator "TA"]
[PlyCount "138"]
[EventDate "2018.??.??"]
[EventType "swiss"]
[EventCountry "ROU"]
[SourceTitle "playchess.com"]
[Source "ChessBase"]
[SourceQuality "1"]

{[%evp 17,138,29,43,18,24,29,27,15,19,19,42,4,10,-10,45,27,29,17,15,12,41,41,46,58,67,50,47,35,114,86,87,79,85,74,102,84,87,2,10,0,0,-15,-7,-15,-22,-17,-25,-117,-113,-185,-193,-195,-121,-230,-14,-15,-49,-9,-21,-114,-108,-118,-109,-99,-58,-69,-69,-152,-177,-166,-175,-216,-216,-216,-216,-207,-132,-132,-132,-427,-427,-420,-406,-399,-399,-252,-252,-428,-252,-428,-252,-252,-252,-671,-245,-2105,-2105,-2105,-2098,-2098,-2083,-1877,-1765,-2083,-2083,-2083,-2083,-2083,-1824,-29966,-29967,-29967,-29960,-29962,-4622,-29970,-29971,-29974,-29975,-29975,-29976,-29962,-10505]} 1. d4 e6 2. Nf3 c5 3. e3 Nf6 4. Bd3 b6 5. O-O Bb7 6. c4 Be7 7. Nc3 cxd4 8. exd4 d6 9. Qe2 {E14: Queen's Indian: Classical Variation (4 e3)} (9. d5 e5 10. Ng5 h6 11. Nge4 Nxe4 12. Nxe4 O-O 13. Ng3 Bg5 14. Qg4 Bc8 15. Bf5 Bxc1 16. Raxc1 Nd7 17. Nh5 Qg5 18. Qxg5 hxg5 {0-1 (55) Bosiocic,M (2624)-Alekseev,E (2616) Katowice 2017}) 9... O-O {LiveBook: 5 Games} 10. h3 Nbd7 11. Bf4 {White has an edge.} Re8 12. Rfe1 a6 13. Rad1 Bf8 14. Bh2 g6 $146 ({Predecessor:} 14... Rc8 15. Rc1 Qc7 16. b4 e5 17. dxe5 dxe5 18. Nxe5 Nxe5 19. Bxe5 {0-1 (66) Alexandrova,O (2430)-Matnadze,A (2392) Antalya 2002}) 15. Ng5 Ra7 (15... d5 $11) 16. Nge4 (16. b4 {seems wilder.} e5 17. dxe5 Nxe5 18. Nge4 a5 19. b5) 16... Nxe4 17. Bxe4 Bxe4 18. Qxe4 Qc8 19. Qd3 $36 {[%mdl 2048] White has the initiative.} Nf6 20. Qf3 Kg7 21. b3 Qa8 22. Qe3 (22. Qd3 {is interesting.} Kg8 23. a4 d5 24. Be5 Be7 25. a5) 22... Qb7 ({Black should play} 22... b5 $14) 23. a4 Raa8 24. Bf4 Kg8 25. Bg5 Nd7 26. Qg3 Rac8 27. Bf4 (27. Re3 $16) 27... d5 $11 28. cxd5 Nf6 $1 {[%cal Rf6h5] White must now prevent ...Nh5.} 29. Re5 Bb4 30. Na2 Bd6 31. dxe6 Bxe5 32. Bxe5 (32. exf7+ $11 Qxf7 33. Bxe5) 32... Rxe6 $17 33. Nb4 (33. Bxf6 $17 Rxf6 34. d5) 33... a5 $19 34. Nd3 Nd5 (34... Nh5 $1 $19 {[%cal Rh5g3]} 35. Qg4 Qd5) 35. Qf3 (35. Nf4 $17 {was worth a try.} Nxf4 36. Bxf4) 35... Qd7 $2 (35... Rc3 $19 36. Rc1 Rxc1+ 37. Nxc1 Qc6) 36. Nf4 $11 Nxf4 37. Bxf4 Rf6 {Hoping for ...Qf5.} 38. h4 (38. d5 $11) 38... Qf5 $1 $17 {[%cal Rf5f4]} 39. g3 {[#]} h6 $1 {[%mdl 512]} 40. Re1 (40. Bxh6 Qxf3) 40... Rd8 {And now ...g5 would win.} 41. Re5 $1 {[%cal Re5f5]} Qd7 42. Qd1 (42. Qe3 $15) 42... Kh7 43. Be3 {[#]} Rf5 $1 {[%cal Rf5e5] Threatens to win with ...Rxe5.} 44. Qg4 Rxe5 45. Qxd7 Rxd7 46. dxe5 $19 {[%mdl 4096] Endgame KR-KB} Rd5 47. Bxb6 Rxe5 48. Bd4 $2 {[%mdl 8192] [#]} (48. Kf1 $17 {might work better.}) 48... Re1+ $1 49. Kg2 Rb1 50. Bc3 Rxb3 51. Bxa5 Ra3 52. Bd2 $2 (52. Bb4 {is the only way for White.} Rxa4 53. Bc5) 52... Rxa4 53. Be3 $2 (53. Bf4 {was the only chance.}) 53... Kg7 54. Kh3 h5 55. Kg2 $2 (55. Bg5) 55... Kf6 56. Kf3 $2 (56. f3) 56... Kf5 57. Kg2 Ke4 58. Bg5 Ra3 59. Be7 Rf3 60. Bd8 Rf5 61. Be7 Kd3 62. Bd8 Ke2 63. Bb6 Rf3 64. Ba7 f5 65. Bb6 f4 66. gxf4 Rxf4 {Black mates.} 67. Kg3 Rg4+ 68. Kh3 Kf3 69. Be3 Rg2 {Precision: White = 23%, Black = 79%.} 0-1

[Event "ROU-ch Men 2018"]
[Site "Olanesti"]
[Date "2018.05.14"]
[Round "1"]
[White "Sava, Bogdan"]
[Black "Jianu, Vlad-Cristian"]
[Result "0-1"]
[WhiteElo "2099"]
[BlackElo "2532"]
[Annotator "TA"]
[PlyCount "64"]
[EventDate "2018.??.??"]
[EventType "swiss"]
[EventCountry "ROU"]
[SourceTitle "playchess.com"]
[Source "ChessBase"]
[SourceQuality "1"]

{[%evp 11,64,0,11,0,12,-40,-31,-32,-22,-34,-25,-43,-22,-42,-27,-116,-44,-52,-73,-179,-178,-175,-175,-172,-173,-205,-200,-200,-199,-202,-183,-192,-174,-189,-171,-214,-187,-203,-184,-200,-195,-196,-163,-214,-210,-263,-213,-233,-220,-222,-216,-326,-283,-625,-618]} 1. Nf3 {[%cal Bg1f3,Bf3d4,Bd4b3,Bb3c5][%mdl 32]} Nf6 2. c4 e6 3. g3 a6 4. Bg2 b5 5. cxb5 (5. d3 Bb7 6. O-O c5 7. Nc3 Qb6 8. Qb3 Bc6 9. a4 b4 10. a5 Qb7 11. Na4 d6 12. Nb6 Ra7 13. Be3 {½-½ (31) Tomashevsky,E (2714)-Van Wely,L (2670) Berlin 2018}) 5... axb5 6. Nd4 {A13: English Opening: 1...e6} Ra5 {LiveBook: 3 Games} 7. O-O Be7 8. d3 (8. Nb3 $11 Ra6 9. d4) 8... c5 $15 {[%cal Bc7c5,Bc5c4,Bc4c3][%mdl 32]} 9. Nb3 Ra6 $146 ({Predecessor:} 9... Ra7 10. Bf4 Bb7 11. e4 O-O 12. Nc3 Bc6 {1-0 (20) Snook Lumb,C (1664)-Hazlehurst,C (2005) Coventry 2015}) 10. d4 c4 11. Nc5 Ra7 12. Nc3 b4 13. N3e4 (13. Nb5 $11 {keeps the balance.} Ra5 14. a4) 13... Nd5 (13... Nxe4 $17 14. Nxe4 d5) 14. b3 c3 {aiming for ...f5.} 15. f3 (15. Na4 $17 {might work better.}) 15... Nc6 $36 {[%mdl 2048] Black is really pushing.} 16. e3 d6 17. Na4 O-O 18. Re1 Nb6 19. Nxb6 Qxb6 20. a4 f5 21. Nf2 Bf6 22. Ra2 Kh8 23. f4 Ne7 24. Nd3 Ra5 25. h4 Ba6 26. Kh2 Rd8 27. Bf1 (27. e4 {keeps fighting.}) 27... Bb7 28. Qe2 Raa8 ({Much less strong is} 28... Qc6 29. Bg2 $17) 29. Bg2 Nc6 30. Qd1 Na5 31. Ra1 {[#]} (31. e4 $142) 31... e5 $1 {[%cal Be6e5,Be5e4][%mdl 544]} 32. Ra2 $2 (32. Bxb7 Qxb7 33. Qc2) (32. dxe5 dxe5) 32... e4 {Precision: White = 32%, Black = 58%.} 0-1

[Event "ROU-ch Men 2018"]
[Site "Olanesti"]
[Date "2018.05.14"]
[Round "1"]
[White "Raducanu, Andrei-Augustin"]
[Black "Manolache, Marius"]
[Result "0-1"]
[WhiteElo "2063"]
[BlackElo "2499"]
[Annotator "TA"]
[PlyCount "78"]
[EventDate "2018.??.??"]
[EventType "swiss"]
[EventCountry "ROU"]
[SourceTitle "playchess.com"]
[Source "ChessBase"]
[SourceQuality "1"]

{[%evp 17,78,44,61,56,58,56,49,51,56,45,61,61,61,57,89,63,78,78,78,73,78,66,71,76,130,122,262,180,170,0,146,144,146,147,205,200,329,293,287,283,365,250,225,-45,-26,-422,-422,-679,-160,-869,-843,-1731,-914,-1131,-1021,-29982,-29983,-29990,-29991,-29991,-29988,-29988,-29989]} 1. e4 d6 2. d4 Nf6 3. Nc3 g6 4. Nf3 Bg7 5. Be2 O-O 6. O-O Nc6 7. h3 a6 8. a4 {B08: Pirc Defence: Classical System} d5 (8... e6 9. Be3 b6 10. e5 dxe5 11. Nxe5 Bb7 12. Bf3 Nd5 13. Nxd5 exd5 14. Nxc6 Bxc6 15. a5 b5 16. Qd2 Re8 17. Bf4 Bb7 {½-½ (30) Svidler,P (2760)-Dubov,D (2701) Moscow 2018}) 9. exd5 Nb4 {LiveBook: 3 Games} 10. Bc4 {White is slightly better.} Nbxd5 11. Nxd5 Nxd5 12. Re1 $146 ({Predecessor:} 12. c3 h6 13. Re1 e6 14. Bd2 {0-1 (44) Juric,M (1816)-Jeran,B (2153) Ljubljana 2007}) 12... e6 13. Ne5 Ne7 14. Bf4 b6 15. c3 Ra7 16. Qb3 Kh8 17. a5 b5 18. Be2 Bb7 19. Qa3 f6 20. Nd3 g5 ({Black should play} 20... Nf5) 21. Bh2 Rf7 (21... Ng6 $16 {keeps fighting.} 22. Bg4 e5) 22. Qc5 Nc8 {With the idea ...Bf8.} 23. Qa3 $2 {[#]} (23. Bh5 $18 Bf8 24. Ne5 (24. Bxf7 Bxc5 25. Nxc5 Nd6 $16)) 23... Bf8 (23... Ne7 $1 $11 {keeps the balance.}) 24. Nc5 $16 Bd5 25. Bg4 f5 (25... Bxc5 $16 {was worth a try.} 26. Qxc5 Qe7 27. Bxe6 Bxe6) 26. Bh5 $18 Rg7 (26... Rf6 $142 27. Be5 Bd6 28. Bxf6+ Qxf6) 27. Be5 c6 28. b4 g4 29. Bxg7+ Rxg7 {[#]} 30. hxg4 $2 (30. Nxe6 $6 Bxe6 31. Rxe6 gxh3 $16) (30. Nxa6 gxh3 31. f3 (31. g3 $2 h2+ 32. Kxh2 Qg5 $19) 31... Rxg2+ 32. Kf1 Bc4+ 33. Re2 Qh4 34. Bf7 Bxe2#) (30. c4 $1 $18 {[%cal Rc4d5]} Bxc5 31. dxc5 bxc4 32. hxg4) 30... Qh4 $1 $15 {...Bd6 is the strong threat.} 31. Nxe6 $2 {[%mdl 8192]} (31. c4 $1 $11 Bxg2 32. Kxg2 Qxh5 33. Kf1 (33. Nxa6 $2 Rxg4+ 34. Kf1 Qh1+ 35. Ke2 Re4+ 36. Kd2 Bh6+ 37. Kc2 Rxe1 $19) (33. Rxe6 Qxg4+ 34. Kf1 Nd6 $15) 33... Rxg4 34. Qe3 (34. Rxe6 Rxd4 35. Rc1 Qh1+ 36. Ke2 Qh5+ 37. Kf1 Bxc5 $11)) 31... Bd6 $19 {( -> ...Qh2+)} 32. f4 (32. Re5 $142 Bxe5 33. dxe5 Bxe6 34. f3) 32... Re7 $2 $40 {[%mdl 128] Black is out for blood.} (32... fxg4 $19 {has better winning chances. Threatens to win with ...g3.} 33. c4 (33. Nxg7 $2 Bxf4 34. Re8+ Kxg7 $19) 33... bxc4) 33. Qc1 $2 (33. c4 $17 bxc4 34. gxf5 Qxh5 35. Qh3 Qxh3 36. gxh3) 33... fxg4 (33... Rxe6 34. Rxe6 Qg3 35. Qb2 $17 (35. Re8+ Kg7 $11)) 34. Ng5 Qxh5 35. Rxe7 Nxe7 36. Qe3 Nf5 {Black mates.} 37. Qd3 Bxf4 38. Ne4 Bxe4 39. Qxe4 Be3+ {Precision: White = 30%, Black = 43%.} 0-1

[Event "ROU-ch Men 2018"]
[Site "Olanesti"]
[Date "2018.05.14"]
[Round "1"]
[White "Neagu, Liviu"]
[Black "Gavrilescu, David"]
[Result "0-1"]
[WhiteElo "2025"]
[BlackElo "2442"]
[Annotator "TA"]
[PlyCount "72"]
[EventDate "2018.??.??"]
[EventType "swiss"]
[EventCountry "ROU"]
[SourceTitle "playchess.com"]
[Source "ChessBase"]
[SourceQuality "1"]

{[%evp 9,72,-13,4,-26,-20,-10,10,14,23,-27,-18,-21,-21,-25,-8,-13,-8,-29,-14,-116,-122,-103,-117,-112,-106,-153,-152,-149,-151,-160,-158,-160,-106,-160,-154,-152,-119,-186,-136,-141,-130,-130,-110,-134,-131,-300,-293,-360,-348,-477,-482,-485,-335,-735,-723,-704,-589,-601,-587,-858,-856,-1191,-1169,-1102,-1056]} 1. b4 c6 2. Bb2 Qb6 3. a3 a5 4. c3 d5 (4... Nf6 5. Nf3 g6 6. e3 Bg7 7. Be2 d5 8. O-O O-O 9. d3 Bf5 10. Nbd2 Nbd7 11. Nd4 e5 12. Nxf5 gxf5 {½-½ (22) Alvarado Diaz,A (2104)-Ragger,M (2614) Bahia Feliz 2011}) 5. Nf3 Bg4 6. h3 $146 {A00: Irregular Openings} ({Predecessor:} 6. Qc2 Bxf3 7. exf3 e5 8. Be2 Bd6 9. O-O Nd7 10. bxa5 Rxa5 11. c4 d4 12. d3 {0-1 (45) Neumann,F (571)-Lenz,J (1083) LSS email 2013}) 6... Bh5 7. d4 Nd7 8. Nbd2 {The position is equal.} Ngf6 9. Qc1 e6 10. e3 Qc7 11. b5 Be7 12. c4 Rc8 13. Be2 O-O 14. O-O (14. bxc6 $11 {keeps the balance.} bxc6 15. c5) 14... cxb5 $17 {[%cal Rd5c4]} 15. cxb5 Qc2 16. Re1 Nb6 17. Qxc2 Rxc2 18. Bc1 {[#]} Rfc8 $1 19. Bd3 R2c3 20. Ne5 Nbd7 (20... Nfd7 $142 21. Nxd7 Nxd7) 21. Nxd7 ({Better is} 21. Bb1) 21... Nxd7 22. Bf1 Nb6 23. Nf3 (23. e4 $17) 23... a4 24. Ne5 {[%cal Bf3e5,Be5d3,Bd3f4][%mdl 32]} f6 $36 {[%mdl 2048] Black is really pushing.} 25. Nd3 Bg6 26. Nf4 Bf7 27. e4 $2 (27. Nd3 $17 {might work better.}) 27... dxe4 $19 28. Bd2 Rxa3 29. Rxa3 Bxa3 30. Rxe4 Bc1 31. Ba5 $2 (31. Bxc1 Rxc1 32. Nd3) 31... a3 {[%cal Ba4a3,Ba3a2][%mdl 32] [#] Strongly threatening ...a2.Black is clearly winning.} 32. Re2 Bxf4 33. Bxb6 e5 34. Bc5 a2 35. Re1 Bd2 36. Rd1 Bc3 {Precision: White = 27%, Black = 68%.} 0-1